000 00983cam a2200265 a 4500
999 _c140
_d140
003 ALUPE UNIVERSITY
005 20210604055452.0
008 0
020 _a053426364X
035 _a34515126
040 _cDLC
050 0 0 _aBF176
_b.K36 1997
050 9 9 _aBF176
_b.K36 1997
082 0 0 _a150/.28/7
_220
092 _a150.287
_bK17, P974, 1997
100 1 _aKaplan, Robert M.
_q(Robert Malcolm),
_d1947-
_0http://id.loc.gov/authorities/names/nb90144096
245 1 0 _aPsychological testing :
_bprinciples, applications, and issues /
_cRobert M. Kaplan, Dennis P. Saccuzzo.
250 _a4th ed.
260 _aPacific Grove, CA :
_bBrooks/Cole Pub. Co.,
_cc1997.
300 _axxiii, 724 p. :
_bill. ;
_c24 cm.
504 _aIncludes bibliographical references (p. 647-702) and indexes.
650 0 _aPsychological tests.
_0http://id.loc.gov/authorities/subjects/sh85108448
700 1 _aSaccuzzo, Dennis P.,
_d1947-
_0http://id.loc.gov/authorities/names/n81087886
942 _2lcc
_cBK
_nJO